| 000 | 00804nas a2200265 4500 | ||
|---|---|---|---|
| 001 | BR0003429 | ||
| 003 | BR-BrBNA | ||
| 005 | 20231205101936.0 | ||
| 007 | ta | ||
| 008 | 230509b bl.|||p| |||| 00| 00por d | ||
| 040 |
_aBR-BrBNA _bpor _cBiblioteca Nacional de Agricultura |
||
| 041 | _a(En) | ||
| 072 | _aF02 | ||
| 100 | 1 | _aGloria, F.J.M. da | |
| 100 | 1 | _aMourao Filho, F. de A.A. | |
| 100 | 1 | _aMendes, B.M.J. | |
| 245 | 1 | _aPlant regeneration from protoplast of Brazilian citrus cultivars | |
| 650 | _aFruta Citrica | ||
| 650 | _aCultura de Tecido | ||
| 650 | _aPorta Enxerto | ||
| 650 | _aProtoplasto | ||
| 773 | 0 |
_tPesquisa Agropecuaria Brasileira (Brazil) _xISSN 0100-204X _g(Apr 2000), v. 35(4) p. 727-732 _wBR0003429 |
|
| 909 |
_a202311 _bLúcia _c55 _dLúcia Elande |
||
| 942 |
_2AGRIS _n0 _cANA |
||
| 999 |
_c164844 _d164844 |
||